| 000 | 01374cam a22003613a 4500 | ||
|---|---|---|---|
| 001 | 18809 | ||
| 003 | PGUSA | ||
| 005 | 20140828083411.0 | ||
| 008 | 060712s2006||||xxu|||||s|||||000 | eng d | ||
| 040 |
_aPGUSA _beng |
||
| 042 | _adc | ||
| 050 | 4 | _aPR | |
| 100 | 1 | _aLansdown, Henry Venn | |
| 245 | 1 | 0 |
_aRecollections of the late William Beckford : _bof Fonthill, Wilts and Lansdown, Bath _h[electronic resource] / _cHenry Venn Lansdown |
| 260 |
_bProject Gutenberg, _c2006 |
||
| 506 | _aPublic domain in the USA. | ||
| 516 | _aElectronic text | ||
| 653 | _aWiltshire (England) -- Biography | ||
| 653 | _aBeckford, William, 1760-1844 | ||
| 653 | _aAuthors, English -- Homes and haunts -- England -- Wiltshire | ||
| 653 | _aTravelers -- Great Britain -- Biography | ||
| 653 | _aWiltshire (England) -- Intellectual life | ||
| 653 | _aArt -- Collectors and collecting -- Great Britain -- Biography | ||
| 653 | _aEccentrics and eccentricities -- Great Britain -- Biography | ||
| 653 | _aBeckford, William, 1760-1844 -- Homes and haunts -- England -- Wiltshire | ||
| 653 | _aBath (England) -- Intellectual life | ||
| 653 | _aBath (England) -- Biography | ||
| 653 | _aAuthors, English -- 18th century -- Biography | ||
| 700 | 1 | _aLansdown, Charlotte | |
| 830 | 0 |
_aProject Gutenberg _v18809 |
|
| 856 | 4 | 0 | _uhttp://www.gutenberg.org/ebooks/18809 |
| 942 | _cEB | ||
| 999 |
_c248064 _d248064 |
||